000
00287nam a2200133Ia 4500
100
_a
Forouzan/Behrouz A
942
_c
BK
654
_a
lan
245
_a
Local Area Networks
260
_b
Tata Mc Graw hill
_a
New Delhi
_c
2003
082
_a
4.68
_b
FOR
300
_a
618
546
_a
ENGLISH
999
_c
18875
_d
18875